00321nam a2200133Ia 4500008004100000020001500041041001200056082001600068100001700084245002500101260003700126300000800163650001600171221030s9999 xx 000 0 und d a8125904018 aEnglish a105.23bBas aB. Basavaraj 0aDigital Fundamentals bVikas Pub HouseaNew Delhic2000 a896 aBE Computer